Jurassic Park Quiz - Statistics

General Stats
  • This quiz has been taken 1,749 times
  • The average score is 15 of 22
Answer Stats
Hint Answer % Correct
Founder of Jurassic Park John Hammond
92%
Male Paleontologist Allen Grant
90%
Dinosaur that kills the lawyer T Rex
87%
"Clever Girl" Dinosaur Velociraptor
86%
Year Released 1993
85%
Island the park is on Isla Nublar
82%
Type of insect DNA extracted from Mosquito
81%
Director of movie Steven Spielberg
80%
Dinosaur that was sick in the field Triceratops
79%
Founder's grandson Tim Murphy
78%
Which is off the coast of Costa Rica
77%
Type of rock/gem containing the insect Amber
76%
Chaos Mathematician Ian Malcolm
74%
Founder's granddaughter Lex Murphy
74%
Computer Programmer Dennis Nedry
63%
Female Paleobotanist Ellie Sattler
63%
Chief Geneticist Henry Wu
58%
Stealthy transport container for Stolen DNA Barbasol Can
52%
Game Warden Robert Muldoon
47%
Operations Manager Ray Arnold
42%
Phrase the founder says many times "We spared no expense!"
42%
Corwardly Lawyer Donald Gennaro
38%
No matching quizzes found
Score Distribution
Percent of People with Each Score
Percentile by Number Answered
Your Score History
You have not taken this quiz